| 000 | 00763nam a2200229 i 4500 | ||
|---|---|---|---|
| 001 | 100011 | ||
| 003 | ES-MaACL | ||
| 005 | 20251120063134.0 | ||
| 007 | t| | ||
| 008 | 050921s1970 sp ||||1| spa d | ||
| 080 | _a860-7"14" | ||
| 100 | 0 |
_aMartínez de Toledo, Alfonso, _cArcipreste de Talavera _978034 |
|
| 245 | 1 | 0 |
_aArcipreste de Talavera o Corbacho / _cAlfonso Martínez de Toledo ; introducción y notas de J. González Muela. |
| 246 | 3 | _aCorbacho | |
| 260 |
_aMadrid : _bCastalia, _c1970. |
||
| 300 |
_a304 p., 3 lám. : _bil. ; _c18 cm. |
||
| 490 | 1 |
_aClásicos Castalia ; _v24 |
|
| 700 | 1 |
_aGonzález Muela, Joaquín. _958829 |
|
| 830 | 1 |
_aClásicos Castalia ; _v24 _9178595 |
|
| 852 | 4 |
_aES-MaACL _jE-8488 |
|
| 999 |
_c100011 _d100011 |
||